000 00470nam a2200193Ia 4500
005 20240823043447.0
008 240823s9999||||xx |||||||||||||| ||und||
041 _aENGLISH
082 _A620.1 P5
100 _aSeshagiri Rao M V
245 0 _aEngineering Mechanics
250 _a1st
260 _c2005
_b"Universities Press ,Hydrabad"
500 _aTRANSFERED
650 _aMechanics
_bMechanical
700 _a Rama Durgaiah D
942 _cBK
999 _c210284
_d210284